000 00961nam1a22002891 4500
001 v19\rc\1348573
005 20060512115756.6
035 _a(NLR Aleph) 004562111
090 _a2287312
_c2287312
100 _a20060512d1862 |||y0rusy50 ca
101 0 _arus
102 _aRU
105 _ay z |||a|
200 1 _aРассказы из русской истории
_fС.Д. Вып. 1-
210 _aСанкт-Петербург
_cтип. Штаба отдел. корп. внутр. стражи
_d1862
215 _d19
300 _aАвт. установлен по изд.: Масанов И.Ф. Словарь псевдонимов... М., 1958. Т. 3. С. 53
700 1 _aДестунис
_bС. А.
_gСофья А.
790 0 _aС.Д.
801 0 _aRU
_bNLR
_gpsbo
801 0 _aRU
_bRuMoRGB
_2psbo
801 1 _aRU
_bProSoft-M
_2rusmarc
852 _aNLR
_j18.10.3.51
899 _aНБ СПбГУ
899 _aБАН
942 _cBOOK
980 _aNB